| 000 | 01020nam a22002777a 4500 | ||
|---|---|---|---|
| 005 | 20110318142438.0 | ||
| 008 | 110318t xxu||||| |||| 00| 0 eng d | ||
| 010 | _aENG-102180 | ||
| 020 |
_a9788125942375 _c295.00 |
||
| 035 | _aEN-85713 | ||
| 037 | _bDBAD/PUB | ||
| 040 |
_adpl _bEng |
||
| 082 | _a621.3815 | ||
| 100 | 1 |
_926630 _aBandyopadhyay, Jyoti Prasad |
|
| 245 | 1 | 0 |
_aElectric circuits and electron devices / _cby Jyoti Prasad Bandyopadhyay |
| 260 |
_aNoida _bVikas Publishing House _c2011 |
||
| 270 |
_aE-28, Sector-8 _bNoida _e201301 |
||
| 300 |
_axiv,538p. _c24cm (pbk) |
||
| 490 |
_aVikas-students' series _926690 |
||
| 650 | 0 | _926631 | |
| 700 | _926636 | ||
| 700 | _926685 | ||
| 942 |
_2ddc _cEN _mBAN _h621.3815 |
||
| 999 |
_c51163 _d51163 |
||